| 000 | 01173nam a2200337Ia 4500 | ||
|---|---|---|---|
| 001 | Para_9506 | ||
| 003 | CHAP | ||
| 008 | 220125s2008 xx 000 0 und d | ||
| 010 | _a208180 | ||
| 040 | _cCHAP | ||
| 090 | _aTESIS 2218 | ||
| 100 |
_aZamora Rosas, Erick Ricardo _9123533 |
||
| 245 |
_aManejo fitosanitario en el cultivo de la fresa (Fragaria x ananassa) bajo el sistema de macrotúnel en Tangancícuaro, Michoacán, México / _c por Erick Ricardo Zamora Rosas |
||
| 260 |
_aChapingo, Méx. : _b el autor |
||
| 300 | _a76 h. | ||
| 502 | _aTesis (Ing. Agr. Esp. en Parasitología Agrícola) -- UACh. Departamento Parasitología Agrícola | ||
| 650 |
_aAcolchado de suelos _9623 |
||
| 650 |
_aFresa _x enfermedades _943202 |
||
| 650 |
_aFresa _x Michoacán _9164625 |
||
| 650 |
_aFresa _x plagas _943226 |
||
| 650 |
_aRiego por goteo _997380 |
||
| 650 |
_aSistemas de cultivo _9106746 |
||
| 710 |
_aUACh. Departamento Parasitología Agrícola _9164025 |
||
| 901 | _aTESIS 2218 | ||
| 902 | _aM | ||
| 905 | _a0000002008 a 0000000000 00 | ||
| 910 | _a2008 | ||
| 942 | _cPARA | ||
| 942 |
_cPARA _d2 |
||
| 999 |
_c208180 _d208180 |
||